| 000 | 00705cam a2200181ua 4500 | ||
|---|---|---|---|
| 020 | _c30.00 | ||
| 041 |
_ahin _h |
||
| 082 |
_a891.54 _bRAS/RA |
||
| 110 | 1 |
_aRashtra bhasha prachar samiti . _b _c() |
|
| 245 |
_aRajat jayanthi grand / _cRashtra bhasha prachar samiti. _hTextual Documents |
||
| 250 |
_a1 / _b. |
||
| 260 |
_aVarda : _bRashtra bhasha prachar samiti , _c1962. |
||
| 300 | _a822 ; . | ||
| 365 | _a30.00 | ||
| 504 | _a | ||
| 942 | _cBK | ||
| 999 |
_c8332 _d8332 |
||